000 01176cam a2200253 4500
001 WB3740-24
008 011023n2001 000 0 eng u
035 _a(Sirsi) u115252
245 _aSurveyor's negligence
260 _c2001
490 _aEstates Gazette
_v[2001] 42 EG 138 (CS) (20/10/01)
520 _a"Smith and another v Peter North & Partners" CA 8 October 2001. The claimant S instructed the defendant firm of surveyors P to inspect and report upon a property that they subsequently purchased for £325,000. S sought cost of repairs after discovery of defects required remedial works. A surveyor was appointed to report on the condition of the property. The issue was whether property measure of damages, was costs of repairs or difference between the price paid and actual value of the property. Judge dismissed claim. "Held", appeal was dismissed.
590 _aWB
650 _aDAMAGES
650 _aNEGLIGENCE
650 _aREMEDIAL WORKS
650 _aREPAIRS
650 _aPRICE PAID
650 _aVALUE
650 _aSURVEYORS
650 _aMEASURE OF DAMAGE
690 _aMANAGEMENT-BUSINESS MANAGEMENT-PROFESSIONAL PRACTICE
942 _n0
999 _c68637
_d68637